• 首页
  • 本馆介绍
  • 公告通知
  • 最新文献
  • 馆藏检索
  • 电子资源
  • 读者导购
  • 参考咨询
  • 我的图书馆
  • 登录
  • 详细信息显示
  • 放入我的书架
  • 预约/预借图书
  • 作者相关作品
  • 分类相关作品
  • 丛书相关作品
  • 出版社相关作品

书目信息

  • 表格格式
  • 工作单格式
  • 卡片格式
题名:
中医辨证治疗肝病
    
 
作者: 余孟学 编著
分册:  
出版信息: 北京   金盾出版社  2009
页数: 344页
开本: 21cm
丛书名:
单 册:
中图分类: R256.4
科图分类:
主题词: 肝病(中医)--辨证论治 , 肝病(中医) , 辨证论治
电子资源:
ISBN: 978-7-5082-5570-5
000 00805nam0 2200253 45
001 1033031859
005 20100407170841.46
010    @a978-7-5082-5570-5@dCNY22.00
100    @a20100331d2009 em y0chiy50 ea
101 0  @achi
102    @aCN@b110000
105    @ay z 000yy
106    @ar
200 1  @a中医辨证治疗肝病@AZhong Yi Bian Zheng Zhi Liao Gan Bing@f余孟学编著@FYu Meng Xue Bian Zhu
210    @a北京@c金盾出版社@d2009
215    @a344页@d21cm
330    @a本书介绍了中医学对肝脏的解剖、生理、病理学的概念,阐述了甲型肝炎、乙型肝炎、丙型肝炎等的中医辩证治疗方法。
606 0  @a肝病(中医)@x辨证论治
606 0  @a肝病(中医)
606 0  @a辨证论治
690    @aR256.4@v4
701  0 @a余孟学@AYu Meng Xue@4编著
801  0 @aCN@bTANGWEI@c20100407
905    @b0587717-21@dR256.4@e255@f5
    
    中医辨证治疗肝病/余孟学编著.-北京:金盾出版社,2009
    344页;21cm
    
    
    ISBN 978-7-5082-5570-5:CNY22.00
    本书介绍了中医学对肝脏的解剖、生理、病理学的概念,阐述了甲型肝炎、乙型肝炎、丙型肝炎等的中医辩证治疗方法。
●
相关链接 在E读中查询图书 在五车中查询图书 在当当中查询图书 在豆瓣中查询图书


正题名:中医辨证治疗肝病     索取号:R256.4/255         预约/预借

序号 登录号 条形码 馆藏地/架位号 状态 备注
1 0587717   205877176   第二样本阅览室/ [索取号:R256.4/255] 在馆    
2 0587718   205877185   第三借阅区/ [索取号:R256.4/255] 在馆    
3 0587719   205877194   第三借阅区/ [索取号:R256.4/255] 在馆    
4 0587720   205877201   第三借阅区/ [索取号:R256.4/255] 在馆    
5 0587721   205877210   第三借阅区/ [索取号:R256.4/255] 在馆    
唐山师范学院图书馆 欢迎您!
大连网信软件有限公司© 版权所有